000
00295nam a22001457a 4500
005
20250912113817.0
008
250912b |||||||| |||| 00| 0 eng d
040
_a
04
100
_a
MYNENI, S R
245
_a
ENGLISH - I
260
_a
ALA
300
_a
574
650
_a
ENGLISH
942
_c
02
999
_c
66209
_d
66209